00648nam a2200229 a 4500001001300000003000900013005001700022008004100039020001000080082001300090100001900103245006800122260002300190300000800213500003500221650001700256700001900273902000800292942000700300952009400307999001700401nice12345678IN_TiNIC20260116014237.0070312s2000 dela grd 000 0 eng  ac10000a324bCHA aChandra, Bipan aUrgency to Risist Fascist Forces, Mediab An Arena for Struggle aDelhibAnhadc2000 a00p aincludes index and biblioraphy aHuman Rights1 aChandra, Bipan bSRS cND 00104070aHMIbHMId2010-08-02g100.00l0o324 CHAp021410r2010-08-02w2026-01-16yVM c14486d14486